[Event "BLR-ch U20 Girls 2021"]
[Site "Minsk"]
[Date "2021.04.20"]
[Round "1.5"]
[White "Poliakova, Varvara"]
[Black "Tarasenka, Aliaksandra"]
[Result "0-1"]
[WhiteElo "1918"]
[BlackElo "1966"]
[Annotator "TA"]
[PlyCount "114"]
[EventDate "2021.04.20"]
[EventType "tourn"]
[EventCountry "BLR"]
[SourceTitle "playchess.com"]
[Source "ChessBase"]
[SourceQuality "1"]

{[%evp 11,114,43,41,3,13,0,6,-17,-14,-33,-19,-51,-29,-86,-83,-89,-55,-80,-80,-83,-83,-92,0,-82,0,-55,-62,-58,-4,-67,-60,-54,0,0,0,-2,0,-11,0,-25,-39,-31,-31,-56,-50,-85,-82,-80,-89,-160,-156,-172,-161,-164,-177,-229,-161,-223,-186,-169,-97,-98,-110,-103,-94,-95,-72,-79,-86,-74,-81,-476,-447,-1126,-639,-1069,-356,-441,-465,-753,-684,-1112,-978,-29965,-29972,-29972,-29972,-29971,-29976,-29976,-29977,-29979,-29980,-29980,-29981,-29981,-29982,-29982,-29983,-29985,-29986,-29986,-29986,-29987,-29988]} 1. c4 e5 2. Nc3 Nf6 3. g3 d5 4. cxd5 Nxd5 5. Bg2 Ne7 6. Nf3 Nbc6 7. d3 {A29: English Opening: Four Knights Variation with 4 g3.} g6 8. Bg5 Bg7 9. Ne4 {The position is equal.} f5 10. Nc5 Qd6 11. Rc1 {[#]} h6 $146 ({Predecessor:} 11... Rb8 12. Qa4 O-O 13. Bxe7 Qxe7 14. Nd2 Qd6 15. O-O e4 16. Rfd1 Nd4 17. Kf1 exd3 {1-0 (28) Gorlanov,V (2159)-Leonov,V (1850) Rybinsk 2009}) 12. Bd2 (12. Bxe7 $11 {keeps the balance.} Nxe7 13. Qa4+ c6 14. Nd2) 12... b6 $17 13. Na4 O-O 14. O-O Be6 15. b3 Rad8 16. Qc2 e4 (16... Bd5 $17) 17. Bf4 exd3 (17... Qd5 $17 18. dxe4 Qxe4) 18. Qxd3 (18. Qd2 $11 Qd7 19. Bxh6) 18... Qxd3 $15 19. exd3 g5 ({Much weaker is} 19... Rxd3 $6 20. Ne1 $14) (19... Bd5 $15) 20. Bxc7 ({White should try} 20. Rfe1 $11) 20... Rd7 21. Rfe1 {Strongly threatening Bxb6.} Bd5 ({Better is} 21... Rxc7 $15 22. Rxe6 Rfc8) 22. Be5 $11 Bxf3 23. Bxg7 Kxg7 24. Bxf3 Nb4 25. Nb2 Nxa2 26. Rc4 b5 27. Rc5 a6 28. Rce5 Ng6 29. Re6 Rf6 30. Bc6 {[#]} (30. Bh5 $142) 30... Rxe6 $1 $17 31. Rxe6 Re7 32. Rxe7+ Nxe7 $19 {[%mdl 4096] Endgame KBN-KNN} 33. Bf3 (33. Bb7 {was called for.}) 33... Kf6 34. d4 (34. Kf1 $142) 34... Nc1 35. b4 {[#]} g4 (35... Ke6 $1 $19 36. Bb7 Kd6) 36. Bb7 $17 Ne2+ 37. Kf1 Nxd4 38. Nd3 Ke6 39. Nc5+ Kd6 {And now ...a5! would win.} 40. Nxa6 Nec6 41. Bxc6 $2 {[%mdl 8192] This costs White the game.} (41. Kg2 $17 {is more resistant.}) 41... Kxc6 {KN-KN} ({Not} 41... Nxc6 42. Ke2 $17) 42. Ke1 (42. Nc5 $142 Kd5 43. Ke1) 42... Kd5 43. Kd2 Kc4 $2 (43... Ne6 {Threatens to win with ...Kc6.} 44. Ke2 Kc6) 44. Nc7 Kxb4 45. Ke3 (45. Kd3 $142 Nf3 46. Kc2) 45... Kc4 $19 46. Na6 Ne6 47. f3 b4 {Black mates.} 48. Nxb4 Kxb4 49. fxg4 fxg4 {KN-KPP} 50. Ke4 h5 51. Kf5 Nd4+ 52. Kg5 Nf3+ 53. Kxh5 Nxh2 54. Kg5 Kc4 55. Kf4 Kd4 56. Kg5 Ke3 57. Kh4 Kf3 {Weighted Error Value: White=0.71/Black=0.28} 0-1

[Event "BLR-ch U20 Girls 2021"]
[Site "Minsk"]
[Date "2021.04.20"]
[Round "1.6"]
[White "Liashkevich, Lizaveta"]
[Black "Norman, Kseniya"]
[Result "0-1"]
[WhiteElo "1401"]
[BlackElo "1915"]
[Annotator "TA"]
[PlyCount "58"]
[EventDate "2021.04.20"]
[EventType "tourn"]
[EventCountry "BLR"]
[SourceTitle "playchess.com"]
[Source "ChessBase"]
[SourceQuality "1"]

{[%evp 11,58,21,61,-39,-62,-106,-92,-168,-183,-181,-125,-176,-168,-307,-116,-211,-71,-91,-88,-631,-597,-633,-635,-605,-608,-621,-600,-828,-483,-764,-828,-816,-831,-814,-822,-820,-792,-1708,-1648,-2000,-2002,-1931,-1912,-1778,-1820,-1365,-1339,-29992,-836]} 1. d4 Nf6 2. c4 g6 3. Nc3 Bg7 4. e4 d6 5. f3 O-O 6. Be3 Na6 {[#]} 7. e5 $146 {E81: King's Indian: Sämisch: 6th move deviations (including 6 Be3 c6).} (7. Qd2 $14) ({Predecessor:} 7. Qd2 c5 8. Nge2 Bd7 9. dxc5 Ne8 10. Rd1 Rc8 11. cxd6 Nxd6 12. b3 Nc5 13. Bd4 f6 14. Ng3 Ne6 15. Bxa7 f5 16. Nd5 fxe4 {1-0 (42) Diermair,A (2479)-Schachinger,M (2401) Austria 2019}) 7... Nd7 8. f4 {[#]} c5 $1 9. exd6 (9. d5 $17) 9... exd6 {Hoping for ...Re8.} 10. Qd2 Nf6 (10... Bxd4 $19 11. O-O-O Bxc3 12. Qxc3 Nb4) 11. O-O-O (11. Be2 $17) 11... Qa5 $19 12. h3 (12. Nge2 $142) 12... Be6 $2 (12... Nb4 $19 {Strongly threatening ...Bf5.} 13. g4 Nxa2+ 14. Nxa2 Qxa2) 13. Nf3 (13. f5 $17 {keeps fighting.} Bxf5 14. g4) 13... Rfc8 (13... b5 $19 {is more deadly. Threatens to win with ...b4.} 14. d5 (14. cxb5 Rfc8 $17) (14. Nxb5 $2 Qxa2 15. Qc3 Nb4 $19) 14... Bf5) 14. d5 Bd7 15. Kb1 $2 {[%mdl 8192] Loses the game.} (15. a3 $17) 15... Bf5+ 16. Bd3 Bxd3+ 17. Qxd3 Nb4 18. Qe2 {[#] and if a3 works, White does fine.} Ne4 $1 {[%mdl 576] Deflection} 19. Nxe4 {Black must now prevent a3.} (19. Rc1 Re8) 19... Qxa2+ 20. Kc1 Re8 21. Ne5 dxe5 22. f5 gxf5 23. Nd6 e4 24. Nxe8 {[#]} Bc3 $1 {[%cal Ra2a1][%mdl 512]} 25. Nf6+ (25. bxc3 Qxe2) 25... Kh8 {[%cal Ra2a1]} 26. bxc3 Qxe2 {[%csl Gb4][%cal Re2c2]} 27. cxb4 Qxe3+ 28. Kc2 cxb4 {( -> ...Qc3+!)} 29. d6 Qc3+ {[%mdl 64] Double Attack.  Weighted Error Value: White=1.48/Black=0.22} 0-1

[Event "BLR-ch U20 Girls 2021"]
[Site "Minsk"]
[Date "2021.04.20"]
[Round "1.7"]
[White "Halouchyts, Karalina"]
[Black "Zeliantsova, Kseniya"]
[Result "0-1"]
[WhiteElo "1765"]
[BlackElo "2017"]
[Annotator "TA"]
[PlyCount "124"]
[EventDate "2021.04.20"]
[EventType "tourn"]
[EventCountry "BLR"]
[SourceTitle "playchess.com"]
[Source "ChessBase"]
[SourceQuality "1"]

{[%evp 17,124,0,6,0,0,-10,5,2,12,2,78,-3,0,-48,-12,-18,-14,-19,0,0,0,0,0,-32,-39,-34,-23,-27,-30,-39,-14,-33,-30,-45,-19,-10,-12,-26,0,-16,0,-16,-11,-10,-10,-18,-20,-27,-4,-58,-16,-18,-28,-18,-6,-55,-10,-50,0,-70,-8,-14,105,-28,0,0,0,-27,0,-6,-6,-8,0,-562,-553,-1987,-67,-78,-90,-90,0,-83,-87,-83,-92,-82,-83,-83,-67,-67,-67,-29972,-29973,-29971,-29974,-29973,-29968,-29975,-29976,-29975,-29976,-29985,-29986,-29985,-29979,-29979,-29980,-29987,-29983]} 1. e4 d6 2. d4 Nf6 3. Nc3 g6 4. f4 Bg7 5. Nf3 O-O 6. Bd3 Nc6 7. O-O e5 8. dxe5 dxe5 9. f5 Nb4 10. Bg5 {B09: Pirc Defence: Austrian Attack.} Nxd3 11. cxd3 Qd6 12. fxg6 {The position is equal.} hxg6 13. d4 {[#]} Ng4 $146 (13... Nh7 $1 $11 {keeps the balance.}) ({Predecessor:} 13... Nh7 14. Bh4 Bg4 15. Nd5 Rae8 16. Be1 exd4 17. Qc2 c5 18. Bg3 Qc6 19. Rad1 Bxf3 20. gxf3 {0-1 (32) Martinez Vestergard,K (1809)-Schou Moldt,T (2202) Helsingor 2013}) 14. h3 ({White should play} 14. Nd5 $16 f6 15. Bd2 exd4 16. Bf4) 14... exd4 $11 15. Nb5 Qc5 16. Nbxd4 {And now Rc1 would win.} Ne5 17. Kh1 Nxf3 18. Nxf3 Be6 19. Rc1 Qb4 20. b3 (20. Bd2 $5 {[%cal Rd2b4]} Qxb2 21. Qe1 $15) 20... Qxe4 21. Rxc7 Rac8 22. Rxc8 Rxc8 23. Rf2 Bc3 24. Re2 Qd5 25. Qf1 Bf5 26. Qf2 Be4 {Threatens to win with ...Bxf3.} 27. Bf4 Bf5 28. Bd2 {Strongly threatening Bxc3.} Bg7 29. Kh2 Bd3 30. Re1 a6 31. Ng5 Bf5 32. Nf3 Bf6 33. Qb6 (33. Qg3 $11) 33... Qc6 34. Qf2 Qd6+ 35. Kh1 Rd8 36. Bc1 b5 (36... Bc3 $5 {[%cal Rc3e1]} 37. Rf1 f6 $15) 37. Be3 Rc8 38. Bg5 ({Better is} 38. Ng5 $11) 38... Bg7 (38... Bc3 $15 39. Bd2 b4) 39. Qh4 $1 {Threatening Be7.} a5 (39... f6 $11 40. Bh6 Rd8) 40. Bh6 (40. Be7 $16 g5 41. Qxg5 (41. Bxd6 gxh4 42. Nxh4 Be6 $11)) 40... Bf6 41. Bg5 Bc3 $36 {[%mdl 2048] White must now prevent ...f6. White is under pressure.} 42. Rc1 (42. Re7 {looks sharper.} Bg7 43. Bf4 Qd8 44. Bg5 Qd1+ 45. Kh2) 42... Bg7 (42... f6 {feels hotter.} 43. Be3 Qe7 44. Qf4 b4 45. Nh4 Bd3) 43. Rxc8+ Bxc8 44. Qe1 Bb7 45. Qxa5 $2 {[%mdl 8192]} (45. Qe8+ $11 {and White stays safe.} Bf8 46. Bh6) 45... Bxf3 $19 46. gxf3 Qg3 $2 (46... Qd1+ $19 47. Kg2 Bd4 48. Qd8+ Kh7 49. Qxd4 Qxd4) 47. Qd8+ $15 Kh7 48. Qd5 Qxh3+ 49. Kg1 {[#]} Qh5 $1 {Hoping for ...f6.} 50. Qd2 Qxf3 51. Qh2+ Kg8 {( -> ...Bd4+)} 52. Qb8+ Bf8 {aiming for ...Qg4+.} 53. Qxb5 Qd1+ 54. Qf1 $2 {[%mdl 8192] [#] White does not recover from this.} (54. Kf2 $15) 54... Bc5+ {Black mates.} 55. Kg2 Qg4+ {[%mdl 64] Double Attack} 56. Kh1 Qxg5 57. a4 Qd5+ 58. Kh2 Qxb3 59. a5 Bd6+ 60. Kh1 Qd5+ 61. Kg1 Qxa5 62. Kh1 Qh5+ {Weighted Error Value: White=0.45/Black=0.30} 0-1

[Event "BLR-ch U20 Girls 2021"]
[Site "Minsk"]
[Date "2021.04.20"]
[Round "1.8"]
[White "Astapchyk, Darya"]
[Black "Khomich, Maryna"]
[Result "0-1"]
[WhiteElo "1586"]
[BlackElo "1409"]
[Annotator "NA RC"]
[PlyCount "112"]
[EventDate "2021.04.20"]
[EventType "tourn"]
[EventCountry "BLR"]
[SourceTitle "playchess.com"]
[Source "ChessBase"]
[SourceQuality "1"]
[TimeControl "40/5400+30:1800+30"]

1. e4 {[%emt 0:00:00]} c6 {[%emt 0:00:00]} 2. d4 {[%emt 0:00:02]} d5 {[%emt 0:00:00]} 3. e5 {[%emt 0:02:12]} Bf5 {[%emt 0:00:00]} 4. g4 {[%emt 0:00:39]} Bd7 {[%emt 0:06:53]} 5. Bg2 {[%emt 0:06:56]} e6 {[%emt 0:01:42]} 6. Ne2 {[%emt 0:01:41]} Ne7 {[%emt 0:05:06]} 7. Ng3 {[%emt 0:01:01]} c5 {[%emt 0:01:00]} 8. c3 {[%emt 0:00:49]} Bb5 {[%emt 0:05:25]} 9. Be3 {[%emt 0:11:29]} Nec6 {[%emt 0:03:51]} 10. Nd2 {[%emt 0:05:24]} cxd4 {[%emt 0:02:56]} 11. cxd4 {[%emt 0:00:13]} Nb4 {[%emt 0:01:32]} 12. Bf1 {[%emt 0:10:01]} Qa5 {[%emt 0:07:30]} 13. a3 {[%emt 0:10:12]} Nd3+ {[%emt 0:02:11]} 14. Bxd3 {[%emt 0:00:07]} Bxd3 {[%emt 0:00:04]} 15. b4 {[%emt 0:01:10]} Qb5 {[%emt 0:03:21]} 16. Qb3 {[%emt 0:11:06]} Bc4 {[%emt 0:19:08]} 17. Nxc4 {[%emt 0:01:58]} dxc4 {[%emt 0:00:06]} 18. Qc2 {[%emt 0:01:51]} a5 {[%emt 0:06:21]} 19. bxa5 {[%emt 0:13:14]} Qxa5+ {[%emt 0:00:07]} 20. Bd2 {[%emt 0:04:26]} Qd5 {[%emt 0:01:20]} 21. Qc3 {[%emt 0:00:54]} Nc6 {[%emt 0:05:37]} 22. Be3 {[%emt 0:04:52]} h5 {[%emt 0:08:50]} 23. gxh5 {[%emt 0:03:13]} Rxh5 {[%emt 0:00:14]} 24. Ke2 {[%emt 0:00:32]} Rh4 {[%emt 0:01:25]} 25. Rhd1 {[%emt 0:06:33]} Rxh2 {[%emt 0:00:33]} 26. Nf1 {[%emt 0:00:38]} Rh1 {[%emt 0:01:51]} 27. Nd2 {[%emt 0:01:01]} Rxd1 {[%emt 0:00:57]} 28. Rxd1 {[%emt 0:00:57]} Rxa3 {[%emt 0:00:29]} 29. Qxc4 {[%emt 0:00:02]} b5 {[%emt 0:07:29]} 30. Qxd5 {[%emt 0:00:57]} exd5 {[%emt 0:00:05]} 31. Rb1 {[%emt 0:00:33]} b4 {[%emt 0:02:03]} 32. Nb3 {[%emt 0:00:36]} Kd7 {[%emt 0:01:18]} 33. f4 {[%emt 0:00:28]} g6 {[%emt 0:01:38]} 34. Rb2 {[%emt 0:00:18]} Kc7 {[%emt 0:02:44]} 35. Kd2 {[%emt 0:00:15]} Kb6 {[%emt 0:00:37]} 36. Kc2 {[%emt 0:00:41]} Na5 {[%emt 0:02:15]} 37. Nxa5 {[%emt 0:00:32]} Rxe3 {[%emt 0:00:09]} 38. Nb3 {[%emt 0:00:49]} Rf3 {[%emt 0:00:42]} 39. Ra2 {[%emt 0:00:22]} Rf2+ {[%emt 0:00:48]} 40. Kb1 {[%emt 0:00:00]} Rxf4 {[%emt 0:00:00]} 41. Ra8 {[%emt 0:03:12]} Be7 {[%emt 0:03:12]} 42. Re8 {[%emt 0:01:17]} Rf1+ {[%emt 0:07:43]} 43. Kc2 {[%emt 0:03:34]} Rf2+ {[%emt 0:00:08]} 44. Kb1 {[%emt 0:00:16]} Bh4 {[%emt 0:09:50]} 45. Rb8+ {[%emt 0:02:04]} Kc7 {[%emt 0:00:18]} 46. Rxb4 {[%emt 0:00:38]} g5 {[%emt 0:00:54]} 47. Ra4 {[%emt 0:19:41]} g4 {[%emt 0:01:05]} 48. Ra8 {[%emt 0:00:33]} g3 {[%emt 0:00:34]} 49. Rg8 {[%emt 0:00:08]} g2 {[%emt 0:00:07]} 50. Nc1 {[%emt 0:00:06]} Be7 {[%emt 0:00:44]} 51. Rg7 {[%emt 0:02:28]} Kd7 {[%emt 0:00:14]} 52. Rg3 {[%emt 0:02:07]} Ba3 {[%emt 0:00:31]} 53. Nb3 {[%emt 0:00:40]} Bf8 {[%emt 0:00:52]} 54. Nc1 {[%emt 0:00:53]} Bh6 {[%emt 0:00:07]} 55. Rg4 {[%emt 0:00:33]} Bxc1 {[%emt 0:00:17]} 56. Kxc1 {[%emt 0:00:05]} Rf1+ {[%emt 0:00:06]} 0-1

[Event "BLR-ch U20 Girls 2021"]
[Site "Minsk"]
[Date "2021.04.20"]
[Round "2.5"]
[White "Tarasenka, Aliaksandra"]
[Black "Khomich, Maryna"]
[Result "1-0"]
[WhiteElo "1966"]
[BlackElo "1409"]
[Annotator "TA"]
[PlyCount "55"]
[EventDate "2021.04.20"]
[EventType "tourn"]
[EventCountry "BLR"]
[SourceTitle "playchess.com"]
[Source "ChessBase"]
[SourceQuality "1"]

{[%evp 14,55,0,0,0,6,15,14,16,11,20,14,20,18,42,53,55,34,129,122,211,212,208,180,461,463,478,423,416,399,381,386,389,385,441,361,366,354,338,340,401,401,5056,5056]} 1. e4 c6 2. c4 d5 3. exd5 cxd5 4. cxd5 Nf6 5. Bb5+ Nbd7 6. Nc3 a6 {6...g6 is the hot move.} 7. Bxd7+ Qxd7 8. Nf3 Nxd5 {B10: Caro-Kann: 2 d3 and 2 c4.} 9. O-O g6 10. Ne5 {[#]} Nxc3 $146 {The position is equal.} ({Predecessor:} 10... Qd8 11. Qa4+ b5 12. Nxb5 Bd7 13. Nxd7 Qxd7 14. Qd4 axb5 15. Qxh8 Nf6 16. d4 O-O-O {1-0 (28) Pal,M (2028)-Gunyecz,Z (1978) Hungary 2011}) 11. bxc3 Qc7 12. Qa4+ Bd7 13. Qf4 O-O-O 14. d4 Bg7 15. Re1 Be8 {[#]} (15... Be6 $14) 16. Qg4+ $1 $16 e6 {[#]} (16... f5 $16 {keeps fighting.} 17. Qg3 Bf6) 17. Bf4 $1 $18 {Black must now prevent Nxg6.} h5 18. Qh4 {Nxg6! is the strong threat.} Rh6 {[#]} (18... Bh6 19. Bxh6 Rxh6) 19. Nxg6 $1 {[%mdl 512]} Bf6 20. Qxf6 ({Weaker is} 20. Bxc7 Bxh4 21. Bxd8 (21. Nxh4 Kxc7 22. Nf3 h4 $16) 21... Bxd8 $18) 20... Rxg6 21. Bxc7 {[%csl Gc7][%cal Rf6d8]} Rxf6 22. Bxd8 Kxd8 {[%mdl 4096] Endgame KRR-KRB} 23. Re5 h4 24. Rae1 Bc6 25. g3 Bd5 26. a3 ({Much less strong is} 26. gxh4 Rf4 $18) 26... Rf3 27. R1e3 hxg3 {[#]} (27... Rf6 $142 28. gxh4 Rh6) 28. Rxd5+ $1 {[%mdl 512] Weighted Error Value: White=0.09/Black=0.45} 1-0

[Event "BLR-ch U20 Girls 2021"]
[Site "Minsk"]
[Date "2021.04.20"]
[Round "2.6"]
[White "Zeliantsova, Kseniya"]
[Black "Astapchyk, Darya"]
[Result "1-0"]
[WhiteElo "2017"]
[BlackElo "1586"]
[Annotator "TA"]
[PlyCount "85"]
[EventDate "2021.04.20"]
[EventType "tourn"]
[EventCountry "BLR"]
[SourceTitle "playchess.com"]
[Source "ChessBase"]
[SourceQuality "1"]

{[%evp 21,85,0,0,0,14,0,0,0,0,0,0,0,0,-11,-10,-19,-12,-56,0,-98,-87,-89,-89,-64,-6,-40,0,-11,0,0,13,0,0,0,0,0,38,45,129,127,131,129,123,107,101,101,106,100,269,269,269,269,266,263,318,274,441,422,29974,29975,29975,29976,29976,29977,29970,5302]} 1. e4 {Wedberg,T} e5 2. Nf3 Nc6 3. Bb5 Nge7 4. O-O g6 5. c3 Bg7 6. d4 exd4 7. cxd4 d5 8. exd5 Nxd5 9. Re1+ Be6 10. Ne5 O-O 11. Bxc6 bxc6 12. Nd2 {[#] C60: Ruy Lopez: Unusual Black 3rd moves and 3...g6.} Nb4 $146 ({Predecessor:} 12... Ne7 13. Qa4 Bd5 14. Nb3 Nf5 15. Bf4 Re8 16. Rad1 Nh4 17. f3 Qf6 18. Bg3 Nxg2 19. Kxg2 Rxe5 {0-1 (28) Rozentalis,E (2600)-Sokolov,I (2610) Groningen 1993 CBM 039 [Wedberg,T]}) 13. a3 Bxe5 ({Wrong is} 13... Qxd4 $2 14. Nef3 $18) 14. dxe5 {The position is equal.} Nd3 15. Re3 Rb8 16. Qc2 Bf5 {Threatens to win with ...Nb4.} 17. Qc3 Qd5 18. Nf3 Rfd8 19. b4 a5 (19... c5 $15) 20. Bb2 (20. Ne1 $11) 20... axb4 $17 21. axb4 Nxb2 22. Qxb2 Be6 (22... c5 $15 23. b5 c4) 23. h3 Rb7 (23... c5 $5 {[%cal Rc5b4]} 24. b5 c4 $17) 24. Ng5 {[%cal Bf3g5,Bg5e4,Be4f6][%mdl 32]} Rdb8 25. Ne4 {Strongly threatening Nf6+.} Qc4 26. Nf6+ Kg7 27. Re4 $36 {[%mdl 2048] White has good play.} Rxb4 28. Qd2 Qb5 {[#] And now ...Rxe4 would win.} 29. Ne8+ $1 Kf8 (29... Kg8 $14) 30. Nxc7 $16 Qb7 31. Nxe6+ fxe6 32. Qf4+ Kg8 33. Rxb4 Qxb4 {[%mdl 4096] Endgame KQR-KQR} 34. Qf6 Qf8 $2 {This costs Black the game.} (34... Re8 $16) 35. Qxe6+ $18 {[%mdl 64] [#] Double Attack} Qf7 36. Qxc6 Rf8 37. Qc5 Re8 38. Qd4 Qe6 $2 (38... Rc8 39. Ra4 Re8) 39. Ra7 Re7 (39... g5 $18 40. Qd2 Qg6) 40. Qd8+ {White mates.} Kf7 41. Rxe7+ Qxe7 42. Qxe7+ Kxe7 43. f4 {Weighted Error Value: White=0.12/Black=0.57} 1-0

[Event "BLR-ch U20 Girls 2021"]
[Site "Minsk"]
[Date "2021.04.20"]
[Round "2.7"]
[White "Poliakova, Varvara"]
[Black "Liashkevich, Lizaveta"]
[Result "1-0"]
[WhiteElo "1918"]
[BlackElo "1401"]
[Annotator "TA"]
[PlyCount "77"]
[EventDate "2021.04.20"]
[EventType "tourn"]
[EventCountry "BLR"]
[SourceTitle "playchess.com"]
[Source "ChessBase"]
[SourceQuality "1"]

{[%evp 11,77,30,32,0,0,0,6,0,7,0,-19,-22,-33,-23,-17,-26,0,-16,9,-45,0,-8,20,-52,44,24,0,-76,-90,-122,0,0,0,0,0,-8,-8,-70,36,0,28,0,0,-112,0,0,0,0,35,24,326,326,326,320,309,302,1936,1948,1734,1732,1497,1259,5235,5231,29982,29983,29983,29982]} 1. e4 c5 2. Nf3 e6 3. d4 cxd4 4. Nxd4 Nc6 5. Nc3 d6 6. Be3 Nf6 7. g4 {B80: Sicilian Scheveningen: 6 g3 and 6 Be3, including English Attack.} Nxd4 8. Bxd4 e5 9. Be3 {The position is equal.} Bxg4 10. f3 Be6 11. Qd2 a6 12. O-O-O {[#]} Qa5 $146 ({Predecessor:} 12... b5 13. Bg5 Rc8 14. Kb1 Qa5 15. Bxf6 Rxc3 16. Qxc3 Qxa2+ 17. Kc1 gxf6 18. Kd2 Bh6+ {1-0 (25) Otgonjargal,S (2207)-Sukandar,I (2369) Melbourne 2014}) 13. Kb1 b5 14. Rg1 Qc7 15. Bg2 (15. a3 $11) 15... Rb8 16. f4 Ng4 (16... Rc8 {keeps more tension.} 17. a3 Bg4 18. Rdf1 Be7 19. Qf2 Qc4) 17. f5 {[#]} (17. Bf3 $11 Nxe3 18. Qxe3) 17... Nxe3 (17... b4 $1 $15 18. Ne2 (18. Nd5 Bxd5) 18... Nxe3 19. Qxe3 Bd7) 18. fxe6 (18. Qxe3 {looks sharper.} Bc8 19. f6 g6 20. Nd5 Qc6 21. Rd3) 18... Nxd1 19. exf7+ (19. Nd5 $1 $11 {remains equal.} Qa7 20. exf7+ Kxf7 21. Rf1+ Nf2 22. Rxf2+ Ke8 23. Rf1) 19... Qxf7 $17 20. Rxd1 g6 ({Black should play} 20... Be7 $17 21. Rf1 Qc4) 21. Rf1 $11 Qd7 22. Nd5 {[#] Threatens to win with Nf6+.} Bg7 23. Qc3 {Strongly threatening Bh3.} Rf8 24. Rd1 (24. Nc7+ $11 Kd8 25. Nxa6) 24... Rf2 ({Better is} 24... Kf7 $1 $15 25. Qb3 (25. Bh3 Qb7 $17) 25... Ke8) 25. Bh3 $1 $14 {[%cal Rh3d7][%mdl 1024] White has compensation.} Qb7 26. Qg3 (26. Qe3 $5 {[%cal Re3f2]} Rf8 27. Be6 $11) 26... Qa7 27. Qg4 (27. Qh4 $11 {keeps the balance.} Kf7 28. Bd7) 27... Qc5 ({Don't blunder} 27... Rxh2 $2 28. Qe6+ Kf8 29. Nf6 $18) ({Black should try} 27... Kf8 $17 28. Qh4 Qf7) 28. Rc1 $1 $11 {Hoping for Qd7+.} Kf8 {And now ...Bh6 would win.} 29. Qh4 {[%cal Rh4h7]} h6 ({Not} 29... Rxh2 30. Rf1+ Rf2 31. Rxf2+ Qxf2 32. Qxf2+ Kg8 33. Ne7+ Kh8 34. Be6) 30. Qg4 $40 {[%mdl 128] White has some attack.} Rxh2 $2 {[%mdl 8192] A mistake that costs the game.} (30... g5 $1 $11) 31. Qxg6 $18 Rf2 32. Bf5 Rb7 33. Nf6 Bxf6 $2 (33... Qc6 34. Bd7 Qxd7 35. Nxd7+ {[%mdl 64] Discovered Attack} Rxd7) 34. Qxf6+ Ke8 35. Qh8+ Ke7 36. Qg7+ Ke8 37. Qxb7 Qc4 38. Qd7+ Kf8 39. Qxd6+ {Weighted Error Value: White=0.22/Black=0.60} 1-0

[Event "BLR-ch U20 Girls 2021"]
[Site "Minsk"]
[Date "2021.04.20"]
[Round "2.8"]
[White "Norman, Kseniya"]
[Black "Halouchyts, Karalina"]
[Result "1-0"]
[WhiteElo "1915"]
[BlackElo "1765"]
[Annotator "TA"]
[PlyCount "55"]
[EventDate "2021.04.20"]
[EventType "tourn"]
[EventCountry "BLR"]
[SourceTitle "playchess.com"]
[Source "ChessBase"]
[SourceQuality "1"]

{[%evp 15,55,16,50,11,22,4,5,21,226,241,281,290,649,628,583,262,328,255,328,325,317,219,354,355,857,885,966,964,848,600,658,683,673,666,914,883,914,908,29997,29998,29998,29999]} 1. e4 c6 2. d4 d5 3. e5 Bf5 4. Nc3 e6 5. g4 Bg6 6. Nge2 c5 7. h4 h6 8. Be3 Nc6 9. dxc5 {B12: Caro-Kann: Advance Variation.} (9. h5 $5 {[%cal Rh5g6]} Bh7 10. f4 $14) 9... h5 10. Nd4 hxg4 {[#]} 11. Qxg4 $146 {The position is equal.} ({Predecessor:} 11. Bb5 Rc8 12. Qxg4 Bh5 13. Qg3 a6 14. Ba4 Nh6 15. f3 g6 16. O-O-O Bxc5 17. Bxh6 Rxh6 18. Qf4 Rh8 19. Ne4 Be7 20. Bxc6+ bxc6 21. Nd6+ Bxd6 22. exd6 {1-0 (22) Bliumberg,V (2360)-Wells,P (2490) Budapest 1994}) 11... Qc7 $2 {[#]} (11... Bh5 $11 12. Qg5 Nxd4 13. Bxd4 a6) 12. Nxe6 $1 $18 Qxe5 {[#]} 13. Nxd5 $1 {[%mdl 512]} Bf5 $2 (13... Bh5 14. Nec7+ {[%mdl 64] Double Attack} Kd8 15. Qg5+ Nge7 16. Nxe7 Kxc7) 14. Nec7+ Kd7 15. Qf4 (15. Qa4 $142 {Threatens to win with 0-0-0.} Qe4 16. Qxe4 Bxe4 17. Bh3+ f5 18. Nxa8) 15... Rd8 16. O-O-O Kc8 17. Qxe5 Nxe5 18. Bg2 {Black must now prevent Nb5.} Nh6 (18... Ne7 {was necessary.} 19. Nxe7+ Bxe7) 19. Nb5 {aiming for Nb6+!} Nc6 $2 {[#]} (19... Bd7 20. Nxa7+ Kb8) 20. Nxa7+ $1 {[%mdl 512]} Kb8 (20... Nxa7 21. Nb6+) 21. Nxc6+ bxc6 22. Nb6 Rxd1+ 23. Rxd1 Kb7 24. Rd8 f6 25. Bf4 Nf7 26. Rb8+ Ka6 27. Bf1+ Ka7 28. Ra8+ {White took control after the opening.  Weighted Error Value: White=0.52/Black=0.95} 1-0